00550 2200205 4500001002100000005001500021035002000036007000300056008004100059020002200100082001200122084001900134100002300153245004000176250001100216260004100227300003800268650002100306700001700327INLIS00000000000201220260209014448 a0010-0226000022ta260209 d f ind  a978-602-8997-72-0 a899.222 a899.222 ANT n0 aAntariksawan Jusuf1 aNawi BKL Inah /cAntariksawan Jusuf aCet. 1 aJakarta :bRepublika Penerbit,c2013 axxvi + 112 hlm. ;c13.5 x 20.5 cm aNovel Dua Bahasa0 aHani Z. Noor